000 00595nam a2200181Ia 4500
008 090123s9999 xx 000 0 und d
082 _b25386
100 _aमुसळे गोविंद ना
245 _aदोन तपस्वी
250 _a0
260 _bपुणे विद्यार्थी गृह प्रकाशन
_c1995
300 _a53
600 _aमुसळे गोविंद ना
630 _aदोन तपस्वी
700 _aमुसळे गोविंद ना
730 _aदोन तपस्वी
942 _cBOOK
999 _c63457
_d63457